The Channel Island of Jethou : its stamps and postal history (Record no. 2486)

000 -LEADER
fixed length control field 00650nam a22001097a 4500
008 - FIXED-LENGTH DATA ELEMENTS--GENERAL INFORMATION
fixed length control field 170925b xxu||||| |||| 00| 0 eng d
100 ## - MAIN ENTRY--AUTHOR'S NAME
Author's Name Backman, Anders
245 ## - TITLE STATEMENT
Title The Channel Island of Jethou : its stamps and postal history
260 ## - PUBLICATION, DISTRIBUTION, ETC. (IMPRINT)
Place of publication, distribution, etc. Stockport, Cheshire, [England]
Name of publisher, distributor, etc. A. Backman and R. Forrester,
Date of publication, distribution, etc. 1978
650 ## - TOPICAL TERM (Tag)
Topical term or geographic name Channel Islands | Jethou | Locals and Private Posts Cinderella Material | Production | Production -- Sheets and Panes | Errors and Varieties | Essays and Proofs | Designs | First Days Catalogs and Price Lists | Postal History | Postal Markings Postal Service | Postal Rates | Topical Collecting | Europa
700 ## - SECONDARY AUTHOR, EDITOR OR ILLUSTRATOR
Personal Name Forester, Bob
Holdings
Withdrawn status Lost status Source of classification or shelving scheme Damaged status Koha normalized classification for sorting Not for loan Permanent Location Current Location Shelving location Date acquired Full call number Barcode Date last seen Copy number Price effective from Koha item type
        G5741 P856 B126   Northern Philatelic Library Northern Philatelic Library General Stacks 09/25/2017 G5741 P856 B126 1002981 09/25/2017 1 09/25/2017 Books

Powered by Koha